[Event "Wch U10"]
[Site "Batumi"]
[Date "2022.09.25"]
[Round "9"]
[White "Wang, Zixuan1111"]
[Black "Yerseit, Alim"]
[Result "0-1"]
[WhiteElo "1026"]
[BlackElo "1322"]
[PlyCount "66"]
[EventDate "2022.09.16"]
[EventType "swiss"]
[EventRounds "11"]
[EventCountry "GEO"]
[SourceTitle "EXT 2023"]
[Source "ChessBase"]
[SourceDate "2022.10.05"]
[SourceVersion "1"]
[SourceVersionDate "2022.10.05"]
[SourceQuality "1"]

1. e4 e5 2. Nf3 Nc6 3. d4 exd4 4. Nxd4 Nf6 5. Nxc6 bxc6 6. e5 Qe7 7. Qe2 Nd5 8. c4 Nb6 9. b3 g6 10. Nd2 Bg7 11. Nf3 0-0 12. Bg5 Qe6 13. g3 d6 14. Bf4 dxe5 15. Bxe5 Bxe5 16. Nxe5 Re8 17. f4 f6 18. Nf3 Qd7 19. Ne5 fxe5 20. fxe5 Qd4 21. Rd1 Qxe5 22. Kf2 Qf5+ 23. Qf3 Qc2+ 24. Be2 Rf8 25. Rd8 Rxd8 26. Kg2 Bf5 27. g4 Be4 28. Qxe4 Qxe4+ 29. Bf3 Rd2+ 30. Kg3 Qe3 31. Rf1 Rf8 32. h4 Qf4+ 33. Kh3 Rh2# 0-1